000 00690nam a22001817a 4500
008 160820b xxu||||| |||| 00| 0 eng d
020 _a978-0-7879-9584-3
082 _22007
_aDC 658.575
_bSm6f
100 _913338
_aSmith, Preston G.
245 _aFlexible product development:
_bbuilding agility for changing markets/
_cPreston G. Smith.
260 _aSan Francisco, California:
_bJohn Wiley & Sons,
_cc2007.
300 _a286 pages:
_billustrations;
_c24 cm.
440 _913341
_aJossey-Bass business and management series
500 _aIncludes bibliographical references and index.
650 0 _913339
_aProduct management
650 0 _913340
_aNew products
942 _2ddc
_cDC
999 _c3989
_d3989